| 000 | 00000nam 2200000za 4500 |
| 001 | 9.822229 |
| 003 | CaOODSP |
| 005 | 20221107143635 |
| 007 | cr ||||||||||| |
| 008 | 160809s1976 onc oz f000 0 eng d |
| 040 | |aCaOODSP|beng |
| 041 | |aeng|afre |
| 043 | |an-cn--- |
| 086 | 1 |aE3-1975/11-PDF|zE3-1975/11 |
| 245 | 00|aScience |h[electronic resource] : |bagreement between Canada and the United States of America = Science : accord entre le Canada et les États-Unis d'Amérique. |
| 246 | 31|aScience : |baccord entre le Canada et les États-Unis d'Amérique |
| 246 | 16|aAgreement between Canada and the United States of America relating to the Exchange of Information on Weather Modification Activities |
| 260 | |aOttawa : |bQueen's Printer = Imprimeur de la Reine, |cc1976. |
| 300 | |a8 p. |
| 490 | 1 |aTreaty series = Recueil des traités ; |v1975, no. 11 |
| 500 | |a"Washington, March 26, 1975. In force March 26, 1975." |
| 530 | |aIssued also in printed form. |
| 546 | |aText in English and French. |
| 692 | 07|2gccst|aMeteorology |
| 692 | 07|2gccst|aInternational agreements |
| 710 | 1 |aCanada. |bDepartment of External Affairs. |
| 792 | |tScience |efre|w(CaOODSP)9.822230 |
| 830 | #0|aTreaty series = Recueil des traités ;|v1975, no. 11|w(CaOODSP)9.813197 |
| 856 | 40|qPDF|s741 KB|uhttps://publications.gc.ca/collections/collection_2016/amc-gac/E3-1975-11.pdf |